| 000 | 00732nam a2200229Ia 4500 | ||
|---|---|---|---|
| 003 | OSt | ||
| 005 | 20230901151853.0 | ||
| 008 | 210716s2005 xx 000 0 und d | ||
| 020 | _a8177226193 | ||
| 040 | _cAIMIT LIBRARY | ||
| 041 | _aeng | ||
| 082 |
_a005.117 _21 _bLADR |
||
| 100 |
_aLaddad, Ramnivas. _9132318 |
||
| 245 |
_aAspectj in action: _bpractical aspect oriented programming / _cBy Ramnivas Laddad. |
||
| 250 | _a1st ed. | ||
| 260 |
_aNew Delhi : _bDreamtech Press , _c2005. |
||
| 300 |
_axxvi,481p. ; _bPB _c23 cm. |
||
| 650 |
_aAdvanced applications of aspectj _9132319 |
||
| 650 |
_aImplementing thread safety _9132320 |
||
| 650 |
_aImplementing business rules _9132321 |
||
| 942 |
_2ddc _cBK _e1st ed. _k005.117 LADR |
||
| 999 |
_c187145 _d187145 |
||